Вып. 44 : Автоматика, связь и освещение в горной промышленности: [сборник статей]; Научные сообщения

Dades bibliogràfiques
Parent link:Научные сообщения: [сборник статей]/ Академия наук СССР (АН СССР), Институт горного дела им. А. А. Скочинского (ИГД); отв. ред. Г. Д. Лидин. Вып. 44 : Автоматика, связь и освещение в горной промышленности.— .— Москва: Недра, 1959-1988
Altres autors: Снаговский Е. С. (редактор)
Idioma:rus
Publicat: 1968
Matèries:
Format: MixedMaterials Llibre
KOHA link:https://koha.lib.tpu.ru/cgi-bin/koha/opac-detail.pl?biblionumber=677636

MARC

LEADER 00000nam2a2200000 4500
001 677636
005 20250116100323.0
035 |a (RuTPU)RU\TPU\book\136476 
090 |a 677636 
100 |a 20241219d1968 k y0rusy50 ca 
101 0 |a rus 
102 |a RU 
105 |a a z 001zy 
181 0 |a i   |b  e  
182 0 |a n 
183 0 |a nc  |2 RDAcarrier 
200 0 |a Вып. 44 : Автоматика, связь и освещение в горной промышленности  |e [сборник статей]  |f отв. ред. Е. С. Снаговский 
203 |a Текст  |b визуальный  |c непосредственный 
210 |d 1968 
215 |a 96 с.  |c ил. 
283 |a volume  |2 RDAcarrier 
320 |a Библиогр. в конце ст. 
461 1 |0 677189  |9 677189  |t Научные сообщения  |o [сборник статей]  |f Академия наук СССР (АН СССР), Институт горного дела им. А. А. Скочинского (ИГД)  |g отв. ред. Г. Д. Лидин  |c Москва  |n Недра  |n Госгортехиздат  |d 1959-1988  |v Вып. 44 : Автоматика, связь и освещение в горной промышленности 
606 1 |a Горная промышленность, предприятия  |x Автоматика  |x Техническая кибернетика  |x Регулирование и управление  |9 35117 
606 1 |a Горная промышленность, предприятия  |x Освещение  |9 35135 
606 1 |a Телефонная связь  |x Горное дело  |9 76873 
610 1 |a крепи 
610 1 |a автоматизированное управление 
610 1 |a агрегаты 
610 1 |a автоматический контроль 
610 1 |a радиоизотопные датчики 
610 1 |a трансфлюксоры 
610 1 |a электропривод 
610 1 |a автоматическое торможение 
610 1 |a струговые установки 
610 1 |a отвальная стрела 
610 1 |a защита 
610 1 |a искробезопасность 
610 1 |a рудничные светильники 
610 1 |a сигнализация 
675 |a 622.012-5  |v 3 
675 |a 622.47  |v 4 
675 |a 622.489  |v 4 
702 1 |a Снаговский  |b Е. С.  |4 340 
801 1 |a RU  |b 63413507  |c 20241219  |g PSBO 
801 2 |a RU  |b 63413507  |c 20241219  |g PSBO 
942 |c CR